Estaciones del metro de la Ciudad de México - Estadísticas

Estadísticas generales
  • Esta prueba ha sido intentada 4.037 veces
    1.449 desde el último reinicio
  • La puntuación promedio es 93 de 163
Estadísticas de respuestas
Línea Estación % Correcto
Línea 1 Pantitlán
91%
Línea 2 Tacuba
91%
Línea 1 Tacubaya
88%
Línea 3 Indios Verdes
86%
Línea 2 Cuatro Caminos
85%
Línea 1 Observatorio
85%
Línea 3 Universidad
85%
Línea 2 Zócalo / Tenochtitlan
84%
Línea 2 Hidalgo
83%
Línea 1 Chapultepec
82%
Línea 1 Insurgentes
81%
Línea 2 Tasqueña
80%
Línea 2 Bellas Artes
79%
Línea 3 Zapata
79%
Línea 1 Balderas
78%
Línea 9 Chabacano
78%
Línea 1 Pino Suárez
78%
Línea 3 Coyoacán
77%
Línea 3 Deportivo 18 de Marzo
77%
Línea 3 La Raza
77%
Línea 7 Barranca del Muerto
76%
Línea 3 Centro Médico
76%
Línea 6 El Rosario
76%
Línea 3 Copilco
74%
Línea 7 Mixcoac
74%
Línea 7 San Antonio
74%
Línea 2 Ermita
73%
Línea 8 Garibaldi / Lagunilla
73%
Línea 4 Martín Carrera
73%
Línea 1 Salto del Agua
72%
Línea 3 Etiopía / Plaza de la Transparencia
71%
Línea 3 Guerrero
71%
Línea 4 Jamaica
71%
Línea 5 Oceanía
71%
Línea 7 Polanco
71%
Línea 5 Politécnico
71%
Línea 3 Viveros / Derechos Humanos
71%
Línea 2 Allende
68%
Línea 3 Hospital General
68%
Línea 1 San Lázaro
68%
Línea 7 Auditorio
67%
Línea 7 Camarones
67%
Línea 3 Juárez
67%
Línea 1 Merced
67%
Línea 2 Panteones
67%
Línea 2 Revolución
67%
Línea 1 Sevilla
67%
Línea 3 Tlatelolco
67%
Línea 1 Juanacatlán
66%
Línea 4 Santa Anita
66%
Línea 3 Niños Héroes / Poder Judicial CDMX
65%
Línea 2 Normal
65%
Línea 1 Zaragoza
65%
Línea 3 Eugenia
64%
Línea 1 Isabel la Católica
64%
Línea 2 San Antonio Abad
64%
Línea 4 Talismán
64%
Línea 2 Xola
64%
Línea B Buenavista
63%
Línea 1 Candelaria
63%
Línea 2 Colegio Militar
63%
Línea 2 General Anaya
63%
Línea A La Paz
63%
Línea 3 Potrero
63%
Línea 2 Viaducto
63%
Línea 1 Boulevard Puerto Aéreo
62%
Línea 1 Cuauhtémoc
62%
Línea 6 La Villa / Basílica
62%
Línea 3 Miguel Ángel de Quevedo
62%
Línea 2 Popotla
62%
Línea B Tepito
62%
Línea B Ciudad Azteca
61%
Línea 8 Constitución de 1917
61%
Línea 5 Instituto del Petróleo
61%
Línea 8 UAM-I
61%
Línea 5 Aragón
60%
Línea 3 División del Norte
60%
Línea 4 Morelos
60%
Línea 2 Nativitas
60%
Línea 5 Hangares
59%
Línea 2 Portales
59%
Línea 2 San Cosme
59%
Línea 12 Tláhuac
59%
Línea 4 Consulado
58%
Línea 9 Puebla
58%
Línea 6 UAM Azcapotzalco
58%
Línea 2 Cuitláhuac
57%
Línea B Lagunilla
57%
Línea 7 Refinería
57%
Línea 9 Velodromo
57%
Línea 2 Villa de Cortés
57%
Línea 1 Balbuena
56%
Línea 1 Moctezuma
56%
Línea 9 Chilpancingo
55%
Línea 5 Terminal Aérea
55%
Línea 4 Bondojito
54%
Línea 9 Ciudad Deportiva
54%
Línea B Ecatepec
54%
Línea 5 Autobuses del Norte
53%
Línea 8 Atlalilco
52%
Línea 7 Constituyentes
52%
Línea 6 Ferrería / Arena Ciudad de México
52%
Línea 12 Insurgentes Sur
52%
Línea 6 Lindavista
52%
Línea A Santa Marta
52%
Línea 8 Cerro de la Estrella
51%
Línea 8 Doctores
51%
Línea 1 Gómez Farías
51%
Línea 7 Aquiles Serdán
50%
Línea 8 Iztapalapa
50%
Línea B Nezahualcóyotl
50%
Línea 9 Patriotismo
49%
Línea 9 Lázaro Cárdenas
48%
Línea A Los Reyes
48%
Línea 8 San Juan de Letrán
48%
Línea 7 San Pedro de los Pinos
48%
Línea A Tepalcates
47%
Línea A Agrícola Oriental
46%
Línea 8 Escuadrón 201
46%
Línea 12 Parque de los Venados
46%
Línea 6 Tezozómoc
46%
Línea A Guelatao
45%
Línea 5 Misterios
45%
Línea 6 Norte 45
45%
Línea 7 San Joaquín
45%
Línea 8 Coyuya
44%
Línea 8 Iztacalco
44%
Línea 8 La Viga
44%
Línea 12 Hospital 20 de Noviembre
43%
Línea 8 Obrera
43%
Línea 6 Vallejo
43%
Línea A Acatitla
42%
Línea B Bosque de Aragón
42%
Línea 4 Fray Servando
42%
Línea 12 Olivos
42%
Línea 4 Canal del Norte
41%
Línea B Deportivo Oceanía
41%
Línea 9 Mixiuhca
40%
Línea 5 Valle Gómez
39%
Línea 12 Nopalera
38%
Línea 8 Apatlaco
37%
Línea 5 Eduardo Molina
37%
Línea 12 Periférico Oriente
37%
Línea B Villa de Aragón
37%
Línea 8 Aculco
36%
Línea 12 Eje Central
35%
Línea 12 Calle 11
34%
Línea A Canal de San Juan
34%
Línea B Impulsora
34%
Línea A Peñón Viejo
34%
Línea B Plaza Aragón
34%
Línea B Ricardo Flores Magón
34%
Línea B Romero Rubio
34%
Línea B Olímpica
33%
Línea 12 Mexicaltzingo
32%
Línea B Múzquiz
32%
Línea B Río de los Remedios
32%
Línea 12 Tezonco
32%
Línea 12 Lomas Estrella
26%
Línea 12 Culhuacán
25%
Línea 12 Tlaltenco
24%
Línea 12 San Andrés Tomatlán
21%
Línea 12 Zapotitlán
20%
No se encontraron pruebas coincidentes
Distribución de puntuación
Porcentaje de gente con cada puntuación
Porcentaje por número respondido
Historial de tus puntuaciones
No has intentado esta prueba desde el último reinicio